[Event "CAN-ch U16 Girls"]
[Site "Richmond Hill"]
[Date "2011.07.08"]
[Round "7"]
[White "Ding, Jill"]
[Black "Plotkin, Rina"]
[Result "0-1"]
[WhiteElo "1277"]
[BlackElo "1402"]
[PlyCount "120"]
[EventDate "2011.07.06"]
[EventType "swiss"]
[EventRounds "7"]
[EventCountry "CAN"]
[SourceTitle "EXT 2022"]
[Source "ChessBase"]
[SourceDate "2021.10.06"]
[SourceVersion "1"]
[SourceVersionDate "2021.10.06"]
[SourceQuality "1"]

1. e4 e5 2. Nf3 Nc6 3. Bc4 Bc5 4. c3 Nf6 5. d4 exd4 6. cxd4 Bb6 7. Nc3 h6 8. 0-0 0-0 9. Bf4 d6 10. h3 Re8 11. Re1 Ba5 12. a3 Bxc3 13. bxc3 Nxe4 14. Qb3 Re7 15. Bd3 Nf6 16. Rxe7 Nxe7 17. Re1 b6 18. Bc4 d5 19. Bd3 Bf5 20. Bxf5 Nxf5 21. Qc2 Nd6 22. Bg3 Qd7 23. Bh4 Nfe4 24. Ne5 Qb5 25. f3 Ng5 26. Bxg5 hxg5 27. a4 Qa6 28. Rc1 c5 29. dxc5 bxc5 30. Nd3 Rc8 31. Re1 d4 32. Nb2 Qa5 33. Rc1 dxc3 34. Qxc3 Qxc3 35. Rxc3 f6 36. Kf2 Kf7 37. Ke3 Ke6 38. Nc4 Rb8 39. Nxd6 Kxd6 40. Rc4 Rb4 41. Kd3 Rxc4 42. Kxc4 Kc6 43. g3 Kb6 44. f4 gxf4 45. gxf4 Ka5 46. Kxc5 Kxa4 47. Kc4 f5 48. h4 g6 49. Kd5 Kb5 50. Ke6 a5 51. Kf6 a4 52. Kxg6 a3 53. h5 a2 54. h6 a1Q 55. h7 Qh8 56. Kxf5 Qxh7+ 57. Ke5 Qe7+ 58. Kd5 Kb6 59. f5 Kc7 60. Kd4 Kd6 0-1

[Event "CAN-ch U16 Girls"]
[Site "Richmond Hill"]
[Date "2011.07.06"]
[Round "2"]
[White "Plotkin, Rina"]
[Black "Moayyed, Kimia"]
[Result "1-0"]
[WhiteElo "1402"]
[BlackElo "1140"]
[PlyCount "65"]
[EventDate "2011.07.06"]
[EventType "swiss"]
[EventRounds "7"]
[EventCountry "CAN"]
[SourceTitle "EXT 2022"]
[Source "ChessBase"]
[SourceDate "2021.10.06"]
[SourceVersion "1"]
[SourceVersionDate "2021.10.06"]
[SourceQuality "1"]

1. e4 e5 2. Nf3 Nc6 3. Bb5 Nf6 4. Nc3 Bb4 5. d3 d6 6. a3 Ba5 7. 0-0 0-0 8. Bg5 Bxc3 9. bxc3 Bg4 10. Re1 h6 11. Bh4 Qe7 12. Re3 Rad8 13. d4 Qe6 14. d5 Qe7 15. dxc6 a6 16. Ba4 b6 17. Qd3 Qe6 18. Bb3 d5 19. exd5 Rxd5 20. Bxd5 Nxd5 21. Rxe5 Qxc6 22. Rxd5 Be6 23. Rd4 Re8 24. Rd8 g6 25. Rxe8+ Qxe8 26. Re1 Qc6 27. Bf6 Kh7 28. Qd8 g5 29. Qh8+ Kg6 30. Ne5+ Kf5 31. Nxc6 Bd5 32. Qxh6 Bxc6 33. Qxg5# 1-0

[Event "CAN-ch U12 Girls"]
[Site "Ottawa"]
[Date "2007.07.05"]
[Round "5"]
[White "Powell, Ashley"]
[Black "Plotkin, Rina"]
[Result "1-0"]
[WhiteElo "1106"]
[BlackElo "1259"]
[PlyCount "51"]
[EventDate "2007.07.03"]
[EventType "tourn"]
[EventRounds "7"]
[EventCountry "CAN"]
[SourceTitle "EXT 2022"]
[Source "ChessBase"]
[SourceDate "2021.10.06"]
[SourceVersion "1"]
[SourceVersionDate "2021.10.06"]
[SourceQuality "1"]

1. e4 e5 2. Nf3 Nc6 3. Bc4 Bc5 4. b4 Bxb4 5. c3 Bc5 6. d4 exd4 7. 0-0 Nf6 8. cxd4 Bb6 9. Ba3 d5 10. exd5 Nxd5 11. Re1+ Be6 12. Qa4 Qd7 13. Bb5 Rc8 14. Ne5 Nc3 15. Nxc3 Qxd4 16. Bxc6+ bxc6 17. Qxc6+ Kd8 18. Rad1 Rb8 19. Rxd4+ Bxd4 20. Rd1 Kc8 21. Rxd4 Rb7 22. Qa6 Kb8 23. Nc6+ Ka8 24. Rb4 Bc8 25. Rxb7 Bxb7 26. Qxa7# 1-0

[Event "CAN-ch U12 Girls"]
[Site "Ottawa"]
[Date "2007.07.03"]
[Round "2"]
[White "Plotkin, Rina"]
[Black "Roy, Myriam"]
[Result "0-1"]
[WhiteElo "1259"]
[BlackElo "1978"]
[PlyCount "72"]
[EventDate "2007.07.03"]
[EventType "tourn"]
[EventRounds "7"]
[EventCountry "CAN"]
[SourceTitle "EXT 2022"]
[Source "ChessBase"]
[SourceDate "2021.10.06"]
[SourceVersion "1"]
[SourceVersionDate "2021.10.06"]
[SourceQuality "1"]

1. e4 c5 2. Nf3 Nc6 3. d4 cxd4 4. Nxd4 Nf6 5. Nc3 d6 6. Bb5 Bd7 7. 0-0 e6 8. Bg5 Be7 9. Re1 h6 10. Bh4 0-0 11. Ba4 Nxd4 12. Qxd4 Bxa4 13. Nxa4 Qc7 14. c3 b5 15. Rad1 bxa4 16. Qxa4 Rab8 17. Rd2 Rfd8 18. Bg3 Qb7 19. Qa3 d5 20. Qa5 Nxe4 21. Bxb8 Nxd2 22. Bc7 Rc8 23. Bf4 Nc4 24. Qa4 Nxb2 25. Qc2 Nc4 26. Qd3 Bg5 27. Bxg5 hxg5 28. Qg3 Qe7 29. Qg4 Qf6 30. Qg3 Nd2 31. Re5 Ne4 32. Qe3 Qxe5 33. f3 Rxc3 34. Qe2 Rc1+ 35. Qf1 Qd4+ 36. Kh1 Rxf1# 0-1